ARRUPE JESUIT UNIVERSITY

CORONAVIRUS -STOP THE SPREAD - CLEAN,DISINFECT,COVER

Simone de Beauvoir, (Record no. 128723)

MARC details
000 -LEADER
fixed length control field 01052cam a2200289 a 4500
001 - CONTROL NUMBER
control field 2858696
003 - CONTROL NUMBER IDENTIFIER
control field ARRUPE
005 - DATE AND TIME OF LATEST TRANSACTION
control field 20181205104127.0
008 - FIXED-LENGTH DATA ELEMENTS--GENERAL INFORMATION
fixed length control field 850107s1985 enk b 001 0 eng
010 ## - LIBRARY OF CONGRESS CONTROL NUMBER
LC control number 85002647
020 ## - INTERNATIONAL STANDARD BOOK NUMBER
International Standard Book Number 0422795100 (pbk.)
040 ## - CATALOGING SOURCE
Original cataloging agency DLC
Transcribing agency DLC
Modifying agency DLC
050 00 - LIBRARY OF CONGRESS CALL NUMBER
Classification number PQ2603.E362
Item number Z665 1985
082 00 - DEWEY DECIMAL CLASSIFICATION NUMBER
Classification number 848/.91409
Edition number 19
300 ## - PHYSICAL DESCRIPTION
Dimensions 22 cm.
100 1# - MAIN ENTRY--PERSONAL NAME
Personal name Evans, Mary,
Dates associated with a name 1946-
9 (RLIN) 43812
245 10 - TITLE STATEMENT
Title Simone de Beauvoir,
Statement of responsibility, etc Mary Evans.
Remainder of title a feminist mandarin /
260 ## - PUBLICATION, DISTRIBUTION, ETC. (IMPRINT)
Place of publication, distribution, etc London ;
-- New York :
Name of publisher, distributor, etc Tavistock,
Date of publication, distribution, etc 1985.
300 ## - PHYSICAL DESCRIPTION
Extent xviii, 142 p. ;
440 #0 - SERIES STATEMENT/ADDED ENTRY--TITLE
Title Social science paperbacks ;
Volume number/sequential designation 294
9 (RLIN) 38565
500 ## - GENERAL NOTE
General note Includes index.
504 ## - BIBLIOGRAPHY, ETC. NOTE
Bibliography, etc Bibliography: p. [134]-138.
600 10 - SUBJECT ADDED ENTRY--PERSONAL NAME
Personal name Beauvoir, Simone de,
Dates associated with a name 1908-1986
General subdivision Political and social views.
9 (RLIN) 43813
650 #0 - SUBJECT ADDED ENTRY--TOPICAL TERM
Topical term or geographic name as entry element Feminism and literature
Geographic subdivision France
General subdivision History
Chronological subdivision 20th century.
9 (RLIN) 43814
650 #0 - SUBJECT ADDED ENTRY--TOPICAL TERM
Topical term or geographic name as entry element Women and literature
Geographic subdivision France
General subdivision History
Chronological subdivision 20th century.
9 (RLIN) 43815
650 #0 - SUBJECT ADDED ENTRY--TOPICAL TERM
Topical term or geographic name as entry element Social problems in literature.
9 (RLIN) 43816
906 ## - LOCAL DATA ELEMENT F, LDF (RLIN)
a 7
b cbc
c orignew
d 1
e ocip
f 19
g y-gencatlg
942 ## - ADDED ENTRY ELEMENTS (KOHA)
Source of classification or shelving scheme Library of Congress Classification
Koha item type Monograph ( Printed materials)
Holdings
Withdrawn status Lost status Source of classification or shelving scheme Damaged status Not for loan Collection code Home library Current library Shelving location Date acquired Total Checkouts Full call number Barcode Date last seen Price effective from Koha item type
    Library of Congress Classification     Main Collection ARRUPE LIBRARY ARRUPE LIBRARY Main Collection 05/12/2018   PQ2603.E362 Z665 1985 46600002745 05/12/2018 05/12/2018 Monograph ( Printed materials)

 

Arrupe Library. PO Box MP320 Mt Pleasant, Harare, Zimbabwe
263 242 745411|librarian@aju.ac.zw